| 000 | 00687nam a2200229Ia 4500 | ||
|---|---|---|---|
| 003 | OSt | ||
| 005 | 20230523104030.0 | ||
| 008 | 210423s2013 xx 000 0 und d | ||
| 020 | _a978-81-7708-344-6 | ||
| 040 | _cAL | ||
| 041 | _aeng | ||
| 082 |
_a338.9 BHUH _223 |
||
| 100 |
_aBHULLAR (Gurinder Jit Singh) _9111004 |
||
| 245 | _aHuman development and economic growth: a global perspective | ||
| 260 |
_aNew Delhi _bNew Century Publications. _c2013 |
||
| 300 |
_axvi,205 _bPB |
||
| 365 |
_b685 _cINR |
||
| 650 |
_aEconomics _9111005 |
||
| 650 |
_aEconomics of Development _9111006 |
||
| 906 | _adevelopment ; economic ; global ; growth: ; Human ; perspective | ||
| 942 |
_2ddc _cBK |
||
| 999 |
_c165292 _d165292 |
||